Autodesk Revit Architecture 2016: No experience required

Nội dung viết về phần mềm Revit Architecture của hãng Autodesk và các hướng dẫn để ứng dụng nó vào hoạt động thiết kế trong kiến trúc xây dựng.

Salvato in:
Dettagli Bibliografici
Autore principale: Wing, Eric
Natura: Libro
Lingua:Undetermined
Pubblicazione: Indian Sybex 2015
Soggetti:
Tags: Aggiungi Tag
Nessun Tag, puoi essere il primo ad aggiungerne! !
Thư viện lưu trữ: Trung tâm Học liệu Trường Đại học Cần Thơ
LEADER 00770nam a2200217Ia 4500
001 CTU_221100
008 210402s9999 xx 000 0 und d
020 |c 1143000 
082 |a 670.285 
082 |b W769 
100 |a Wing, Eric 
245 0 |a Autodesk Revit Architecture 2016: 
245 0 |b No experience required 
245 0 |c Eric Wing 
260 |a Indian 
260 |b Sybex 
260 |c 2015 
520 |a Nội dung viết về phần mềm Revit Architecture của hãng Autodesk và các hướng dẫn để ứng dụng nó vào hoạt động thiết kế trong kiến trúc xây dựng. 
650 |a Computer graphics 
904 |i Phan Thanh Thảo 
980 |a Trung tâm Học liệu Trường Đại học Cần Thơ